000 00844 a2200313 4500
005 20260323103321.0
008 260323b |||||||| |||| 00| 0 eng d
041 _aFr
044 _aCIV
090 _bDG/N/4009
100 _a KOUAKOU, Ange Letto
100 _aFONDIO, Lassina
100 _a YAPO, Yves Olivier Adiko
100 _a KOUAKOU, Charles Konan
110 _aCentre National de Recherche Agronomique
110 _bCote d'Ivoire
245 _aComment conduire une parcelle d'association culturale entre arachide et jeune plants d'anacardier
260 _aAbidjan
260 _bCNRA
260 _c2025
302 _a 3 p.
388 _a2026-03-23
650 _2AGROVOC
_gCote d'Ivioire
650 _gAssociation culturale
650 _gArachide
650 _gPlant
650 _gAnacardier
650 _gParcelle
999 _c6012
_d6012